000 00732nam a2200205 a 4500
001 6561
003 CO-ViMGA
005 20250801162556.0
008 141112s2004 ck r 000 u spa d
040 _aCO-ViMGA
_bspa
_cCO-ViMGA
082 0 4 _a739 B415
245 1 0 _aBibliotecas monográficas daly de la construcción
260 _aCórdoba :
_bEdiciones Daly,
_c1994
300 _a6 v : il
490 _aCerrajería actual
500 _aEn colección v.1 - 3 y 5 - 6 Contenido : v.1, El hierro y sus aplicaciones, chimeneas; v.2, Puertas de hierro; v.3, Rejas y balcones; v.5, Estructuras metálicas; v.6, Lámparas y elemetnos decorativos de hierro.
650 1 4 _aMETALISTERIA
_961896
942 _2ddc
_cBK
999 _c18531
_d18531